书目信息 |
| 题名: |
中国交通:驾驶员实用地图册
|
|
| 作者: | ;成都地图出版社 编著 | |
| 分册: | ||
| 出版信息: | 成都 成都地图出版社 2006.01 |
|
| 页数: | 161页 | |
| 开本: | 20cm | |
| 丛书名: | ||
| 单 册: | ||
| 中图分类: | F512.99 | |
| 科图分类: | ||
| 主题词: | ||
| 电子资源: | ||
| ISBN: | 7-80544-558-3 | |
| 000 | 00608nam0 2200181 450 | |
| 001 | 0635769704 | |
| 005 | 20060529164453.50 | |
| 010 | @a7-80544-558-3@dCNY 20.00 | |
| 100 | @a20060507d2006 km y0chiy0120 ea | |
| 101 | 0 | @achi |
| 102 | @aCN@b510000 | |
| 200 | 1 | @a中国交通:驾驶员实用地图册@Azhong guo jiao tong:jia shi yuan shi yong di tu ce@f成都地图出版社编著@Fcheng du di tu chu ban she bian zhu |
| 210 | @a成都@c成都地图出版社@d2006.01 | |
| 215 | @a161页@d20cm | |
| 690 | @aF512.99@v4 | |
| 711 | 0 | @a成都地图出版社@Acheng du di tu chu ban she@4编著 |
| 801 | 0 | @aCN@bPFT@c20060529 |
| 905 | @a10447@dF512.99@eC677 | |
| 中国交通:驾驶员实用地图册/成都地图出版社编著.-成都:成都地图出版社,2006.01 |
| 161页;20cm |
| ISBN 7-80544-558-3:CNY 20.00 |
| ● |
| 相关链接 |
|
|
|
正题名:中国交通:驾驶员实用地图册
索取号:F512.99/C677
 
预约/预借
| 序号 | 登录号 | 条形码 | 馆藏地/架位号 | 状态 | 备注 |
| 1 | 603884 | 206038848 | 社科库409/409社科库 37排7列2层/ [索取号:F512.99/C677] | 在馆 |